1971 fact and fiction views and perception pakistan india and bangladesh (Record no. 576776)

000 -LEADER
fixed length control field 00452nam a22001457a 4500
020 ## - INTERNATIONAL STANDARD BOOK NUMBER
International Standard Book Number 9789699837050
082 ## - DEWEY DECIMAL CLASSIFICATION NUMBER
Classification number 954.92 AFR
100 ## - MAIN ENTRY--PERSONAL NAME
Personal name Affrasiab
9 (RLIN) 69535
245 ## - TITLE STATEMENT
Title 1971 fact and fiction views and perception pakistan india and bangladesh
250 ## - EDITION STATEMENT
Edition statement 4th
260 ## - PUBLICATION, DISTRIBUTION, ETC.
Place of publication, distribution, etc. Islamabad
Name of publisher, distributor, etc. Khursheed Printer
Date of publication, distribution, etc. 2016
300 ## - PHYSICAL DESCRIPTION
Extent vi,632 P
650 ## - SUBJECT ADDED ENTRY--TOPICAL TERM
Topical term or geographic name entry element 1971 Fact and Fiction Views and perceptions in Pakistan, India and Bangladesh
9 (RLIN) 69536
942 ## - ADDED ENTRY ELEMENTS (KOHA)
Koha item type Book
Holdings
Withdrawn status Lost status Damaged status Not for loan Collection code Permanent Location Current Location Shelving location Date acquired Total Checkouts Full call number Barcode Date last seen Price effective from Koha item type Checked out Date last checked out
          College of Electrical & Mechanical Engineering (CEME) College of Electrical & Mechanical Engineering (CEME) General Stacks 09/02/2019   954.92 AFR-URDU BOOK CEME-49542 06/28/2021 06/28/2021 Book    
          College of Electrical & Mechanical Engineering (CEME) College of Electrical & Mechanical Engineering (CEME) General Stacks 09/02/2019 1 954.92 AFR-ENGLISH BOOK CEME-49543 01/02/2026 06/28/2021 Book 02/01/2026 01/02/2026
© 2023 Central Library, National University of Sciences and Technology. All Rights Reserved.